<?xml version="1.0" encoding="UTF-8"?>
<collection xmlns="http://www.loc.gov/MARC21/slim">
 <record>
  <leader>01425nam a22001935a 4500</leader>
  <controlfield tag="001">CEM.cems016623</controlfield>
  <controlfield tag="005">20130320174740.0</controlfield>
  <controlfield tag="008">130507s1992##################000#0#####d</controlfield>
  <controlfield tag="003">CEMS</controlfield>
  <datafield tag="020" ind1=" " ind2=" ">
   <subfield code="a">8471143585</subfield>
  </datafield>
  <datafield tag="082" ind1="0" ind2="4">
   <subfield code="a">581.2</subfield>
  </datafield>
  <datafield tag="100" ind1="1" ind2=" ">
   <subfield code="a">Smith, I M</subfield>
  </datafield>
  <datafield tag="245" ind1="1" ind2="0">
   <subfield code="a">Manual de enfermedades de las plantas /</subfield>
   <subfield code="c">I M Smith...[et Al.]</subfield>
  </datafield>
  <datafield tag="260" ind1=" " ind2=" ">
   <subfield code="a">Madrid :</subfield>
   <subfield code="b">Mundi Prensa,</subfield>
   <subfield code="c">1992</subfield>
  </datafield>
  <datafield tag="300" ind1=" " ind2=" ">
   <subfield code="a">671 p.</subfield>
  </datafield>
  <datafield tag="505" ind1="0" ind2=" ">
   <subfield code="a">Virus I: Generalidades; Principales grupos de virus -- Virus Ii: Grupos de virus de importancia secundaria -- Virus III: Virus no agrupados y complejos virales -- Virus IV: Enfermedades supuestamente debidas a virus -- Mollicutes y Organismos tipo Rickettsia -- Bacterias I: Pseudomonas y Xanthomonas -- Bacterias II: Agrobacterium, Corynebacterium, Erwinia y Otras Bacterias -- Oomycetes -- Chytridiomycetes; Plasmodiophoromycetes ; Zygomycetes -- Ascomycetes I: Generalidades; Endomycetales, Taphrinales, Eurotiales, Erysiphales -- Ascomycetes II: Clavicipitales, Hypocreales -- Asconycetes III: Ophiostomales, Diaporthales, Polystigmatales, Sphaeriales, Diatrypales, Corineliales -- Ascomycetes IV: Dothideales -- Ascomycetes V: Rhytismatales, Pezizales, Cliciales, Helotiales -- Basidiomycetes I: Ustilaginales -- Basidiomycetes II: Uredinales -- Basidiomycetes III: Hymenomycetes</subfield>
  </datafield>
  <datafield tag="653" ind1=" " ind2=" ">
   <subfield code="a">Plantas-enfermedades</subfield>
  </datafield>
  <datafield tag="653" ind1=" " ind2=" ">
   <subfield code="a">Patología vegetal</subfield>
  </datafield>
  <datafield tag="859" ind1=" " ind2=" ">
   <subfield code="a">CEMS</subfield>
   <subfield code="b">BIB. CEMS - Agricultura</subfield>
   <subfield code="h">581.2</subfield>
   <subfield code="i">Sm511</subfield>
   <subfield code="p">A18741.95</subfield>
   <subfield code="t">Ej.1</subfield>
  </datafield>
 </record>
</collection>
